Normal view
MARC view
Entry Personal Name
001 - CONTROL NUMBER
- control field: 86101
003 - CONTROL NUMBER IDENTIFIER
- control field: dpl
005 - DATE AND TIME OF LATEST TRANSACTION
- control field: 20251216104706.0
008 - FIXED-LENGTH DATA ELEMENTS
- fixed length control field: 251216|| aca||aabn | a|a d
040 ## - CATALOGING SOURCE
- Original cataloging agency: dpl
- Transcribing agency: dpl
100 ## - HEADING--PERSONAL NAME
- Personal name: Datta, Karuna Mathur
670 ## - SOURCE DATA FOUND
- Source citation: Work cat.: (dpl)213934: Datta, Karuna Mathur, My Sleep Diary - Reflections Within and Beyond /, 2020
